Most Popular Songs in USA 6/14/2025 - Statistics

General Stats
  • This quiz has been taken 8 times
  • The average score is 10 of 15
Answer Stats
Rank Artist (Version) Answer Streams Radio Airplay Sales % Correct
6. Shaboozey A Bar Song (Tipsy) 15.1 Million 44.4 Million 2.5 Thousand
88%
9. Benson Boone Beautiful Things 14.7 Million 32.6 Million 3 Thousand
88%
13. Billie Eilish Birds Of A Feather 12.2 Million 31.9 Million 1.5 Thousand
88%
7. Lady GaGa, Bruno Mars Die With A Smile 14 Million 48.5 Million 2 Thousand
88%
11. Doechii Anxiety 7 Million 66.3 Million 2 Thousand
75%
1. Alex Warren Ordinary 21.6 Million 48.5 Million 7.5 Thousand
75%
12. Chappell Roan Pink Pony Club 11.8 Million 33.7 Million 4.5 Thousand
75%
15. Post Malone, Morgan Wallen I Had Some Help 12.5 Million 29.6 Million 1.5 Thousand
63%
8. Teddy Swims Lose Control 16.8 Million 32.8 Million 2 Thousand
63%
4. Kendrick Lamar, SZA Luther 15.8 Million 58.8 Million 1.5 Thousand
63%
5. Morgan Wallen I'm The Problem 20.1 Million 29.7 Million 2.5 Thousand
50%
2. Morgan Wallen, Tate McRae What I Want 24.1 Million 9.5 Million 2 Thousand
50%
14. Leon Thomas Mutt 11.4 Million 31.2 Million 1 Thousand
38%
3. Morgan Wallen Just In Case 22.7 Million 19.4 Million 2 Thousand
25%
10. Drake Nokia 13.7 Million 26.9 Million 1.5 Thousand
25%
No matching quizzes found
Score Distribution
Percent of People with Each Score
Percentile by Number Answered
Your Score History
You have not taken this quiz